000 01535nam a2200373Ia 4500
001 vtls003178641
003 MY-SjTCS
005 20200226111811.0
006 m u
007 cr cn|||||||||
008 100712s2005 ne sb 001 0 eng d
010 _z 2004-062372
020 _z1588116115 (alk. paper)
035 _a(CaPaEBR)ebr10077293
039 9 _y201007121459
_zVLOAD
040 _aCaPaEBR
_cCaPaEBR
050 1 4 _aP288
_b.C575 2005eb
082 0 4 _a415/.7
_222
245 0 0 _aClitic and affix combinations
_h[electronic resource] :
_btheoretical perspectives /
_cedited by Lorie Heggie, Fernando Ordóñez.
260 _aAmsterdam ;
_aPhiladelphia :
_bJ. Benjamins,
_c2005.
300 _aviii, 388 p.
490 1 _aLinguistik aktuell =
_aLinguistics today ;
_vv. 74
504 _aIncludes bibliographical references and index.
529 _aTSLHHL
533 _aElectronic reproduction.
_bPalo Alto, Calif. :
_cebrary,
_d2009.
_nAvailable via World Wide Web.
_nAccess may be limited to ebrary affiliated libraries.
650 0 _aGrammar, Comparative and general
_xClitics.
650 0 _aGrammar, Comparative and general
_xWord formation.
655 7 _aElectronic books.
_2local
700 1 _aHeggie, Lorie.
700 1 _aOrdonez, Fernando.
710 2 _aebrary, Inc.
_925628
830 0 _aLinguistik aktuell ;
_vBd. 74.
856 4 0 _uhttps://ezproxy.taylors.edu.my/login?url=http://site.ebrary.com/lib/taylorscollege/Doc?id=10077293
_zAn electronic book accessible through the World Wide Web; click to view
999 _c85920